000 00806nam a22002177a 4500
003 OSt
005 20260316010255.0
008 260316b |||||||| |||| 00| 0 eng d
020 _a0-439-22420-9
040 _aDWCL GS lib
_cOC
082 _aP967f 1995
100 _aPULLMAN, PHILIP
245 _aThe firework-maker's daughter
_cPHILIP PULLMAN
260 _aNew York
_bScholastic Inc
_c1995
300 _a97 p
_c19 cm
520 _a a children's adventure about Lila, a girl who dreams of becoming a firework-maker like her father, Lalchand.
650 _acourage, perseverance, self-belief, and the importance of unconventional paths.
650 _atrue passion requires courage, resilience, and the bravery to face fears to achieve one’s goals.
700 _aPHILIP PULLMAN
942 _2ddc
_cFIC.
_n0
999 _c9123
_d9123